Top 100 Most Mentioned Harry Potter Characters - Statistics

General Stats
  • This quiz has been taken 436 times
  • The average score is 60 of 100
Answer Stats
Hint Answer % Correct
18,956 Harry Potter
100%
5,486 Hermione Granger
96%
6,464 Ron Weasley
96%
2,421 Albus Dumbledore
90%
920 Fred Weasley
88%
821 George Weasley
88%
771 Ginny Weasley
88%
1,956 Severus Snape
88%
1,797 Voldemort
87%
1,198 Draco Malfoy
86%
2,024 Rubeus Hagrid
86%
1,471 Sirius Black
86%
780 Arthur Weasley
85%
722 Molly Weasley
85%
864 Remus Lupin
84%
302 Bill Weasley
83%
810 Neville Longbottom
83%
190 James Potter
82%
220 Bellatrix Lestrange
81%
249 Lucius Malfoy
81%
770 Minerva McGonagall
81%
127 Lily Potter
80%
356 Luna Lovegood
80%
110 Charlie Weasley
78%
426 Percy Weasley
78%
212 Dean Thomas
74%
89 Narcissa Malfoy
74%
637 Dolores Umbridge
73%
467 Dudley Dursley
73%
486 Peter Pettigrew
73%
314 Petunia Dursley
73%
530 Vernon Dursley
73%
469 Dobby
72%
242 Nymphadora Tonks
72%
179 Seamus Finnigan
72%
583 Alastor Moody
71%
258 Fleur Delacour
70%
204 Hedwig
70%
353 Cedric Diggory
69%
215 Cho Chang
69%
493 Cornelius Fudge
67%
140 Filius Flitwick
66%
262 Gilderoy Lockhart
66%
141 Lavender Brown
66%
277 Viktor Krum
65%
224 Vincent Crabbe
65%
228 Gregory Goyle
63%
432 Horace Slughorn
63%
116 Katie Bell
60%
312 Kreacher
59%
135 Angelina Johnson
58%
208 Oliver Wood
58%
133 Parvati Patil
58%
288 Argus Filch
57%
90 Pomona Sprout
57%
106 Kingsley Shacklebolt
56%
68 Pansy Parkinson
56%
162 Crookshanks
54%
262 Sybill Trelawney
54%
79 Aberforth Dumbledore
53%
165 Igor Karkaroff
53%
123 Nearly Headless Nick
53%
109 Lee Jordan
52%
124 Xenophilius Lovegood
52%
136 Buckbeak
51%
156 Poppy Pomfrey
51%
63 Godric Gryffindor
50%
162 Winky
50%
77 Colin Creevey
48%
75 Firenze
48%
119 Moaning Myrtle
48%
112 Olympe Maxime
48%
164 Peeves
48%
70 Salazar Slytherin
47%
73 Marge Dursley
46%
76 Amos Diggory
45%
137 Mundungus Fletcher
45%
188 Rita Skeeter
44%
105 Fang
43%
246 Ludo Bagman
43%
143 Rufus Scrimgeour
42%
77 Bathilda Bagshot
41%
102 Fenrir Greyback
41%
140 Griphook
41%
73 Cormac McLaggen
38%
92 Ernie Macmillan
38%
117 Garrick Ollivander
36%
68 Marvolo Gaunt
36%
75 Grawp
35%
64 Fawkes
33%
85 Stan Shunpike
30%
73 Gellert Grindelwald
29%
63 Morfin Gaunt
29%
62 Elphias Doge
28%
63 Frank Bryce
24%
68 Bob Ogden
19%
72 The Fat Lady
18%
89 Phineas Nigellus Black
16%
122 Quirinius Quirrell
15%
295 Bartemius Crouch Sr.
13%
No matching quizzes found
Score Distribution
Percent of People with Each Score
Percentile by Number Answered
Your Score History
You have not taken this quiz